000 00480nam a2200157 i 4500
001 83293
003 ES-MaACL
005 20230906174815.0
007 t|
008 041116s1974 sp ||||1| spa d
245 0 0 _aSalarios
_b: segundo trimestre : año 1974 /
_cInstituto Nacional de Estadística.
260 _a[Madrid :
_bs.n.],
_c1974.
300 _aXI, 73 p. ;
_c23 cm.
710 2 _aInstituto Nacional de Estadística (España)
_95162
852 _aES-MaACL
_jE-6848
_bR.91483
999 _c83293
_d83293